000 01842nam0a2200313 4500
001 RU\NLR\BIBL_A\012183923
005 20250623222903.0
035 _a(NLR Aleph) 012183923
090 _a12286928
_c12286928
100 _a20061204d1904 |||y0rusy50 ca
101 0 _arus
102 _aRU
105 _ay|||z|||100zy
200 1 _aК теории сложных уродств
_eпредварительное сообщение И.Я. Тура (из Зоотомической лаборатории Варшавского университета)
_eсообщено в заседании Отд. биологии Варш. общества естествоиспытателей 30 января 1904 года
210 _aВаршава
_cв Типографии Варшавского учебного округа
_d1904
215 _a4 с.
_d24
225 1 _aРаботы из Зоотомической лаборатории Варшавского университета
_fпод ред. проф. П.И. Митрофанова
_v34
316 _aЭкз. сплетен с 4-мя др. кн. в общ. переплет с загл.: Статьи и сообщения. На тит. л. и обл. общ. переплета также загл. сер. и содерж.
_5NLR
512 1 _aСтатьи и сообщения
606 1 _aЭмбрионы птиц
_xУродства
_92438044
_3RU\NLR\AUTH\6601668597
686 3 _aЕ638
700 1 _aТур
_bИ.Я.
_gИван Ярославович
712 0 2 _4570
_aВаршавское общество естествоиспытателей
_bОтделение биологии
_9694938
_3RU\NLR\AUTH\880517143
852 _aNLR
_j38.36.5.45(34-2)
942 _cBOOK
980 _aNB